000 00359nam a2200145Ia 4500
005 20251222143211.0
008 251222s9999||||xx |||||||||||||| ||spa||
020 _a84-239-9196-2
082 _a808.027/C48
100 _aCervera, Ángel
245 0 _aGuía para la Redacción y el Comentario de Texto
250 _a4a.ed.
264 _bEspasa
942 _cLIB
999 _c13437
_d13437